000 00634nam a2200277Ia 4500
005 20260324122043.0
008 008 260324s9999 xx 000 0 eng d
020 _a9780203490013
037 _aEBOOK
040 _aCRL
040 _beng
040 _cCRL
041 _2eng
041 _aeng
084 _qCRL
100 _aGlennis Byron; Dale Townshend
_91164925
245 4 _aThe Gothic World
260 _bTaylor and Francis
260 _c2013
365 _a
365 _b420
856 _uhttp://www.taylorfrancis.com/books/9780203490013
942 _cEBOOK
999 _c1757397
_d1757397